| 000 | 00491nmm a2200169Ia 4500 | ||
|---|---|---|---|
| 008 | 251105s9999||||xx |||||||||||||||||und|| | ||
| 020 | _a9788498168853 | ||
| 041 | _aspa | ||
| 100 | _aCervantes de Salazar, Francisco | ||
| 245 | 0 | _aCrónica de la Nueva España : Tomo II | |
| 264 |
_a[Madrid, España] : _bLinkgua, _c2011 |
||
| 300 | _a454 páginas | ||
| 490 | _aHistoria | ||
| 650 | _aHistory of Europe: Spain | ||
| 856 | _uhttps://public.digitaliapublishing.com/a/21271 | ||
| 942 | _cCF | ||
| 999 |
_c91521 _d91521 |
||